Normal view MARC view
  • Supervisor Dr. Mehran Ullah

Entry Corporate Name

Number of records used in: 1

001 - CONTROL NUMBER

  • control field: 88300

003 - CONTROL NUMBER IDENTIFIER

  • control field: NUST

005 - DATE AND TIME OF LATEST TRANSACTION

  • control field: 20220112114215.0

008 - FIXED-LENGTH DATA ELEMENTS

  • fixed length control field: 220112|| aca||aabn | a|a d

040 ## - CATALOGING SOURCE

  • Original cataloging agency: NUST
  • Transcribing agency: NUST

110 ## - HEADING--CORPORATE NAME

  • Corporate name or jurisdiction name as entry element: Supervisor Dr. Mehran Ullah

670 ## - SOURCE DATA FOUND

  • Source citation: Work cat.: (NUST): Syeda Hira Fatima 88299, TH-SOF-1948-Investigating the impact of economic performance on the social and environmental performances with mediating role of green image in the supply chain management, 2021
© 2023 Central Library, National University of Sciences and Technology. All Rights Reserved.